|
|
|
|
| LEADER |
00000ngm a22000007i 4500 |
| 001 |
IT\ICCU\UBO\3301398 |
| 003 |
ItRI |
| 005 |
20260124182907.0 |
| 008 |
071016s1986 it |||||||||||||||k|||||c |
| 028 |
4 |
2 |
|a SY37470228
|b 4
|
| 040 |
|
|
|b ita
|
| 041 |
|
7 |
|a ita
|2 ISO-639-2
|
| 082 |
|
|
|a 791.43
|9 CINEMA
|2 19
|
| 130 |
0 |
|
|a Come Back to the Five and Dime, Jimmy Dean, Jimmy Dean <film ; 1982>
|3 IT\ICCU\UBO\3301417
|
| 245 |
0 |
0 |
|a Jimmy Dean, Jimmy Dean /
|c un film di Robert Altman.
|
| 300 |
|
|
|a [s.l.] :
|b Sampaolo Audiovisivi, 1986 - 1 videocassetta (VHS) (ca. 109 min.) : color., son
|
| 500 |
|
|
|a Tit. del contenitore
|
| 500 |
|
|
|a Interpreti: Cher, Kathy Bates, Sandy Dennis, Karen Black
|
| 500 |
|
|
|a Ripr. del film del 1986, prod. USA.
|
| 700 |
1 |
|
|a Altman, Robert
|0 IT\ICCU\RAVV\029112
|
| 700 |
1 |
|
|a Black, Karen
|0 IT\ICCU\RAVV\089572
|
| 700 |
0 |
|
|a Cher
|0 IT\ICCU\RAVV\092524
|
| 700 |
1 |
|
|a Dannis, Sandy
|0 IT\ICCU\UBOV\198570
|
| 790 |
1 |
|
|a La Pierre, Cherilyn
|3 IT\ICCU\CFIV\353891
|z Cher
|
| 790 |
1 |
|
|a Sarkisian La Pierre, Cherilyn
|3 IT\ICCU\TSAV\423435
|z Cher
|
| 791 |
2 |
|
|a Sonny & Cher (gruppo musicale)
|3 IT\ICCU\DDSV\021055
|y Cher
|
| 942 |
|
|
|2 ddc
|c VM
|n 0
|
| 952 |
|
|
|0 0
|1 0
|4 0
|6 VO_315_000000000000000
|7 0
|9 27688
|a BO
|b BO
|d 2026-01-24
|i 6905
|l 0
|o VO 315
|p BO6905
|r 2026-01-24 18:29:07
|w 2026-01-24
|x [Sebina 7] [1 videocassetta]
|y VM
|z 1 videocassetta
|
| 952 |
|
|
|0 0
|1 0
|4 0
|6 VO_2133_000000000000000
|7 0
|9 27689
|a BO
|b BO
|d 2026-01-24
|i 17412
|l 0
|o VO 2133
|p BO17412
|r 2026-01-24 18:29:07
|w 2026-01-24
|x [Sebina 5] [1 videocassetta]
|y VM
|z 1 videocassetta (2. copia)
|
| 999 |
|
|
|c 23467
|d 23467
|